书目信息 |
| 题名: |
在家做早教
|
|
| 作者: | 常宝 编著 ;三乖 绘 | |
| 分册: | 唱诗歌 | |
| 出版信息: | 北京 中国轻工业出版社 2021.11 |
|
| 页数: | 131页 | |
| 开本: | 21cm | |
| 丛书名: | ||
| 单 册: | ||
| 中图分类: | G613 , I222 | |
| 科图分类: | ||
| 主题词: | 学前教育--教学参考资料 , 古典诗歌--中国--教学参考资料 | |
| 电子资源: | ||
| ISBN: | 978-7-5184-3621-7 | |
| 000 | 01032nam0 2200265 450 | |
| 001 | 012001000138 | |
| 005 | 20141201104531.0 | |
| 010 | @a978-7-5184-3621-7@dCNY39.90 | |
| 100 | @a20220905d2021 bemy0chiy50 ea | |
| 101 | 0 | @achi |
| 102 | @aCN@b110000 | |
| 105 | @aa z 000gy | |
| 106 | @ar | |
| 200 | 1 | @a在家做早教@Azai jia zuo zao jiao@i唱诗歌@f常宝编著@g三乖绘 |
| 210 | @a北京@c中国轻工业出版社@d2021.11 | |
| 215 | @a131页@c彩图@d21cm | |
| 330 | @a本书的宗旨是让孩子们在音乐中学习国学,在诗词和音乐中获得快乐。书中的诗歌都是由小朋友演唱录制的,孩子们清澈纯净的声音更能引发同龄人的共鸣,激发小读者的学习兴趣。同时,在寓教于乐中,孩子和家长也能拉近彼此的距离。借助音乐,感受诗词,配合家长对诗词译文的讲解,相信小朋友对诗歌的理解会更加容易。 | |
| 606 | 0 | @a学前教育@j教学参考资料 |
| 606 | 0 | @a古典诗歌@y中国@j教学参考资料 |
| 690 | @aG613@v5 | |
| 690 | @aI222@v5 | |
| 701 | 0 | @a常宝@Achang bao@4编著 |
| 702 | 0 | @a三乖@Asan guai@c(女,@f198?-)@4绘 |
| 801 | 0 | @aCN@bAHXH@c20221111 |
| 905 | @b1361840-4@dG613@e2859@f5 | |
| 在家做早教.唱诗歌/常宝编著/三乖绘.-北京:中国轻工业出版社,2021.11 |
| 131页:彩图;21cm |
| ISBN 978-7-5184-3621-7:CNY39.90 |
| 本书的宗旨是让孩子们在音乐中学习国学,在诗词和音乐中获得快乐。书中的诗歌都是由小朋友演唱录制的,孩子们清澈纯净的声音更能引发同龄人的共鸣,激发小读者的学习兴趣。同时,在寓教于乐中,孩子和家长也能拉近彼此的距离。借助音乐,感受诗词,配合家长对诗词译文的讲解,相信小朋友对诗歌的理解会更加容易。 |
| ● |
| 相关链接 |
|
|
|
|
正题名:在家做早教
索取号:G613/2859
 
预约/预借
| 序号 | 登录号 | 条形码 | 馆藏地/架位号 | 状态 | 备注 |
| 1 | 1361840 | 213618405 | 第一样本阅览室/ [索取号:G613/2859] | 在馆 | |
| 2 | 1361841 | 213618414 | 教育系资料室/ [索取号:G613/2859] | 在馆 | |
| 3 | 1361842 | 213618423 | 教育系资料室/ [索取号:G613/2859] | 在馆 | |
| 4 | 1361843 | 213618432 | 第四借阅区/ [索取号:G613/2859] | 在馆 | |
| 5 | 1361844 | 213618441 | 第四借阅区/ [索取号:G613/2859] | 在馆 |